Violencia de género y derecho del trabajo: estudios actuales sobre puntos críticos
Spremljeno u:
| Glavni autor: | |
|---|---|
| Format: | Knjiga |
| Jezik: | španjolski |
| Izdano: |
Madrid
La Ley
2012
|
| Izdanje: | 1a. ed |
| Serija: | Temas
|
| Teme: | |
| Oznake: |
Dodaj oznaku
Bez oznaka, Budi prvi tko označuje ovaj zapis!
|
MARC
| LEADER | 00000cam a2200000 a 4500 | ||
|---|---|---|---|
| 001 | UCE4128 | ||
| 003 | CL-VaPUC | ||
| 008 | 141009e20120900sp |||||||||||||||||spa|d | ||
| 020 | |a 9788490200490 | ||
| 082 | 0 | 4 | |a 362.83 |b MEL |2 21 |
| 100 | |a Mella Méndez, Lourdes |e autora |9 576707 | ||
| 245 | 1 | 0 | |a Violencia de género y derecho del trabajo: estudios actuales sobre puntos críticos |
| 250 | |a 1a. ed | ||
| 300 | |a 764 p | ||
| 942 | |c BK | ||
| 945 | |d 20141009 14:36:00 |a arojas | ||
| 260 | |a Madrid |b La Ley |c 2012 | ||
| 650 | 0 | |a Violencia de género |9 535002 | |
| 650 | 7 | |a DERECHO LABORAL |2 CL-VaPUC |9 15 | |
| 650 | 7 | |a DERECHO DE LA MUJER |2 CL-VaPUC |9 358272 | |
| 650 | 0 | |a Acoso sexual |9 375340 | |
| 583 | |a last modification |c 20170803 01:34:02 |k Rodrigo Vera | ||
| 490 | 0 | |a Temas | |
| 999 | |c 357191 |d 357189 | ||
| 952 | |0 0 |1 0 |3 erb |4 0 |6 362_830000000000000_MEL_2012 |7 0 |8 A |9 465024 |a BIBDER |b BIBDER |i 5117976 |l 2 |m 5 |o 362.83 MEL 2012 |p 5117976 |r 2023-01-25 |s 2022-04-25 |w 2019-11-23 |y BK |z Catalogado en:20141009 |k DER | ||